| 000 | 00629nam a2200241Ia 4500 | ||
|---|---|---|---|
| 003 | OSt | ||
| 005 | 20221002054112.0 | ||
| 006 | a|||||r|||| 00| 0 | ||
| 007 | ta | ||
| 008 | 220930b |||||||| |||| 00| 0 eng d | ||
| 024 | _a60920 | ||
| 037 | _cReference Collections | ||
| 040 |
_aCRL _cCRL _beng |
||
| 041 |
_2eng _aeng |
||
| 082 | _aU8.435, M4 (RR) | ||
| 100 |
_aTate Desmond J M _9575507 |
||
| 245 | 0 | _aMalaysia | |
| 260 |
_aHong _bKong APA _c1984 |
||
| 300 |
_a347p. _ccm. |
||
| 650 | _aGEOGRAPHY | ||
| 942 |
_hU8.435, M4 (RR) _cref _2CC |
||
| 999 |
_c924040 _d924040 |
||